00704nam a2200241 a 4500001001300000003000900013005001700022008004100039020000900080082001600089100002100105245003200126260005000158300000900208500003500217505001000252650002000262700002100282902000800303942000700311952012700318999001700445nice12345678IN_TiNIC20260116013320.0050524s1997 dela grp 000 0 eng  ac9500a297.2bKHA3 aKhan, Wahiduddin aIslam and Modern Challenges aDelhibIslamic Centre(al-Risala Office c1997 a271p aincludes index and biblioraphy2 aindex aIslam-Doctrines1 aKhan, Wahiduddin bSRS cBK 001040708StackRoom-aHMIbHMId2010-01-15g95.00l2o297.2 KHA3p017769r2023-10-06s2023-09-27v95.00w2005-05-24yBK c10523d10523